Nivelación de terrenos
Gorde:
| Erakunde egilea: | |
|---|---|
| Formatua: | Liburua |
| Hizkuntza: | gaztelania |
| Argitaratua: |
Ciudad de México
Diana
1972
|
| Saila: | Manual de Ingeniería de Suelos, 15
|
| Gaiak: | |
| Etiketak: |
Etiketa erantsi
Etiketarik gabe, Izan zaitez lehena erregistro honi etiketa jartzen!
|
MARC
| LEADER | 00000nam a2200000 a 4500 | ||
|---|---|---|---|
| 001 | UCR3672 | ||
| 003 | CL-VaPUC | ||
| 008 | 980130e19720000MX |||||||||||||||||spa|d | ||
| 082 | 0 | 4 | |a 631.6 |b CEN |2 21 |
| 110 | 2 | |a Centro regional de Ayuda Técnica |e author |9 402788 | |
| 245 | 1 | 0 | |a Nivelación de terrenos |
| 300 | |a 70 p | ||
| 942 | |c BK | ||
| 945 | |d 19980130 00:00:00 |a jquezada | ||
| 260 | |a Ciudad de México |b Diana |c 1972 | ||
| 650 | 7 | |a EDAFOLOGIA |2 CL-VaPUC |9 402789 | |
| 650 | 0 | |a Suelos |9 260322 | |
| 650 | 7 | |a CONSERVACION DE SUELOS |2 CL-VaPUC |9 264335 | |
| 650 | 7 | |a NIVELACION |2 CL-VaPUC |9 392998 | |
| 650 | 7 | |a TERRENOS |2 CL-VaPUC |9 402790 | |
| 583 | |a last modification |c 19980130 00:00:00 |k Rodrigo Vera | ||
| 490 | 0 | |a Manual de Ingeniería de Suelos, 15 | |
| 999 | |c 266722 |d 266720 | ||